Science Quiz

Random Science or Letter Quiz

Element Pair by Beginning Trio Quiz Stats

 Plays Quiz Updated Apr 23, 2020

Support Sporcle.
Go Orange.
Score 0/9 Timer 03:00
0 Plays Today
Group % Correct
SIL
59.2%
CAL
55.9%
NEO
53%
RAD
49.7%
BER
47.8%
COP
36.5%
YTT
33.2%
RUT
18.9%
PRO
15.8%

You're not logged in!

Compare scores with friends on all Sporcle quizzes.
OR
Log In

From the Vault

Around the Perimeter of California

by mg10

We're fairly certain it doesn't border Rhode Island.
Remove Ads.
Support Sporcle.
Get the best of Sporcle when you Go Orange. This ad-free experience offers more features, more stats, and more fun while also helping to support Sporcle. Thank you for becoming a member.

Show Comments

Extras

Top Quizzes Today


Score Distribution

Your Account Isn't Verified!

In order to create a playlist on Sporcle, you need to verify the email address you used during registration. Go to your Sporcle Settings to finish the process.

Report this User

Report this user for behavior that violates our Community Guidelines.

Details: